000 00475nam a22001817a 4500
003 NUST - PNEC
005 20170116180945.0
008 150907b xxu||||| |||| 00| 0 eng d
020 _a0070273669
040 _cLIBRARY
082 _a621.381952 HAY
100 _98944
_a Hayes, John P.
245 _aComputer architecture and organization
_c John P. Hayes
250 _a2nd ed.
260 _cc.1988
650 _98931
_aComputer architecture
_xEL, MIS
942 _2ddc
_cBK
999 _c66271
_d66271